[Event "65.Camp. Veneto Quarti di Finale"]
[Site "Arquà Petrarca ITA"]
[Date "2005.05.14"]
[Round "4.4"]
[White "Opacic, Alexandar"]
[Black "Alberton, Roberto"]
[Result "1-0"]
[WhiteElo "2118"]
[BlackElo "2120"]
[Annotator "Gabriele Ballarin"]
[PlyCount "49"]
[EventDate "2005.05.07"]
[EventType "swiss"]
[EventRounds "6"]
[EventCountry "ITA"]

1. e4 e6 2. d4 d5 3. Nd2 Nf6 4. e5 Nfd7 5. Bd3 c5 6. c3 Nc6 7. Ne2 Qb6 8. Nf3 cxd4 9. cxd4 f6 10. exf6 Nxf6 11. O-O Bd6 12. Bf4 Bxf4 13. Nxf4 O-O 14. Re1 Qxb2 15. Rb1 Qxa2 16. Nxe6 Bxe6 17. Rxe6 Ne4 18. Bxe4 dxe4 19. Rxe4 Qd5 20. Qe2 a6 21. Rxb7 Nxd4 22. Rxg7+ Kxg7 23. Nxd4 Kh8 24. Ne6 Rf6 25. Nc7 1-0

[Event "65.Camp. Veneto Quarti di Finale"]
[Site "Arquà Petrarca ITA"]
[Date "2005.05.14"]
[Round "4.5"]
[White "Belloni, Umberto"]
[Black "Navarro, Stefano"]
[Result "0-1"]
[WhiteElo "1950"]
[BlackElo "2179"]
[Annotator "Gabriele Ballarin"]
[PlyCount "56"]
[EventDate "2005.05.07"]
[EventType "swiss"]
[EventRounds "6"]
[EventCountry "ITA"]

1. e4 e5 2. Nf3 Nc6 3. Bb5 f5 4. Qe2 Qe7 5. d3 Nf6 6. Bxc6 bxc6 7. exf5 d6 8. g4 Rb8 9. h3 c5 10. Nc3 Bb7 11. g5 Nd5 12. Ne4 Qf7 13. Nh4 Be7 14. Rg1 Bc8 15. Qf3 Nb4 16. Kd1 d5 17. Ng3 Bb7 18. Qh5 Qxh5+ 19. Nxh5 Rg8 20. Re1 Nc6 21. f6 gxf6 22. gxf6 Bd6 23. Nf5 Rg2 24. f4 Kf7 25. Nh4 Rgg8 26. fxe5 Nxe5 27. Bf4 Rbe8 28. Kd2 Ng6 {Nur} 0-1

[Event "65.Camp. Veneto Quarti di Finale"]
[Site "Arquà Petrarca ITA"]
[Date "2005.05.14"]
[Round "4.6"]
[White "Demiraj, Rumi"]
[Black "Danieli, Enrico"]
[Result "1-0"]
[WhiteElo "1901"]
[BlackElo "2163"]
[Annotator "Gabriele Ballarin"]
[PlyCount "123"]
[EventDate "2005.05.07"]
[EventType "swiss"]
[EventRounds "6"]
[EventCountry "ITA"]

1. e4 d5 2. exd5 Nf6 3. d4 Bg4 4. Nf3 Qxd5 5. Be2 Nc6 6. O-O O-O-O 7. c3 Qh5 8. Qa4 e6 9. Bf4 Qf5 10. Bg3 g5 11. Nbd2 h5 12. Bb5 h4 13. Be5 Nb8 14. Bxf6 Qxf6 15. Ne5 Qf4 16. Qc2 Bf5 17. Bd3 Bxd3 18. Nxd3 Qf5 19. Ne1 Qxc2 20. Nxc2 Nc6 21. Rad1 Be7 22. Rfe1 g4 23. f3 gxf3 24. Nxf3 Rdg8 25. Ne5 Nxe5 26. Rxe5 Bd6 27. Re3 Rg4 28. Red3 Rhg8 29. Ne1 c5 30. a3 cxd4 31. cxd4 Bc7 32. R1d2 Bb6 33. Kf1 Kd7 34. Nf3 f6 35. b4 Rc8 36. Rd1 Rc2 37. R3d2 Rxd2 38. Rxd2 Kd6 39. h3 Rf4 40. Ke2 Kd5 41. Rc2 Bxd4 42. Nxd4 Rxd4 43. Rc7 Re4+ 44. Kd3 Rd4+ 45. Kc3 Ke4 46. Rxb7 Rd3+ 47. Kb2 Rd2+ 48. Kb3 Rxg2 49. b5 f5 50. Rxa7 Rg3+ 51. Kb4 f4 52. b6 Rg8 53. Rf7 Rb8 54. Kb5 e5 55. a4 f3 56. a5 Rd8 57. b7 Rd5+ 58. Kb6 Rd1 59. a6 Ke3 60. a7 Rb1+ 61. Kc7 Rc1+ 62. Kd6 1-0

[Event "65.Camp. Veneto Quarti di Finale"]
[Site "Arquà Petrarca ITA"]
[Date "2005.05.14"]
[Round "4.7"]
[White "Pechy, Alaster"]
[Black "Marson, Luca"]
[Result "1-0"]
[WhiteElo "2179"]
[BlackElo "1987"]
[Annotator "Gabriele Ballarin"]
[PlyCount "99"]
[EventDate "2005.05.07"]
[EventType "swiss"]
[EventRounds "6"]
[EventCountry "ITA"]

1. Nf3 Nf6 2. g3 g6 3. Bg2 Bg7 4. O-O O-O 5. d4 d6 6. c4 c5 7. Nc3 Nc6 8. dxc5 dxc5 9. Be3 Be6 10. Qa4 Qa5 11. Qxa5 Nxa5 12. Bxc5 Bxc4 13. Ne5 Bd5 14. Nxd5 Nxd5 15. Bxd5 Bxe5 16. Bxe7 Rfe8 17. Ba3 Nc6 18. Bxc6 bxc6 19. Rac1 Rab8 20. b3 Rb6 21. Bc5 Ra6 22. Rc2 Rd8 23. Kg2 Bg7 24. Rfc1 Bf8 25. a4 Bxc5 26. Rxc5 Rd6 27. a5 Rd2 28. Kf3 Rb2 29. R1c3 Ra2 30. b4 Rb2 31. R3c4 Rb3+ 32. e3 Rb2 33. h4 h5 34. e4 Kf8 35. Ke3 Ke7 36. f3 Rb3+ 37. Kf4 f6 38. Rxc6 Rxc6 39. Rxc6 Rxb4 40. Rc7+ Ke6 41. Rc6+ Ke7 42. a6 Rb5 43. Rc7+ Ke6 44. Rxa7 g5+ 45. hxg5 fxg5+ 46. Ke3 Rb3+ 47. Kd4 Rxf3 48. Ra8 Ra3 49. a7 Kf7 50. Rh8 1-0

[Event "65.Camp. Veneto Quarti di Finale"]
[Site "Arquà Petrarca ITA"]
[Date "2005.05.14"]
[Round "4.8"]
[White "Carlassara, Renato"]
[Black "Bonafede, Alessandro"]
[Result "0-1"]
[WhiteElo "1748"]
[BlackElo "2095"]
[Annotator "Gabriele Ballarin"]
[PlyCount "44"]
[EventDate "2005.05.07"]
[EventType "swiss"]
[EventRounds "6"]
[EventCountry "ITA"]

1. e4 c5 2. d4 cxd4 3. c3 dxc3 4. Nxc3 Nc6 5. Nf3 e6 6. Bc4 a6 7. O-O Nge7 8. Bg5 Qc7 9. Rc1 Ne5 10. Bb3 Nxf3+ 11. Qxf3 Qa5 12. Bd2 Qd8 13. Bg5 h6 14. Bh4 Qa5 15. Bg3 Nc6 16. Nd5 d6 17. Nf6+ gxf6 18. Qxf6 Rg8 19. Rfd1 Bd7 20. Rc2 Bg7 21. Qf4 Be5 22. Qxh6 O-O-O 0-1

[Event "65.Camp. Veneto Quarti di Finale"]
[Site "Arquà Petrarca ITA"]
[Date "2005.05.14"]
[Round "4.9"]
[White "Solinas, Carlo"]
[Black "Pomaro, Alberto"]
[Result "1/2-1/2"]
[WhiteElo "2067"]
[BlackElo "1880"]
[Annotator "Gabriele Ballarin"]
[PlyCount "116"]
[EventDate "2005.05.07"]
[EventType "swiss"]
[EventRounds "6"]
[EventCountry "ITA"]

1. e4 e6 2. d4 d5 3. Nc3 Bb4 4. e5 c5 5. a3 Bxc3+ 6. bxc3 Nc6 7. h4 Nge7 8. h5 h6 9. Qg4 Rg8 10. Nf3 Qa5 11. Bd2 c4 12. Qf4 Bd7 13. g4 O-O-O 14. g5 Nf5 15. Bh3 Nce7 16. Ke2 Ba4 17. Rhc1 Qc7 18. Rab1 Kb8 19. Rb2 Ka8 20. Rcb1 b6 21. Rg1 Qb7 22. Bg4 Qd7 23. Qh2 Rc8 24. Bf4 Kb7 25. Qh3 Bc6 26. Qf1 Bb5 27. Qc1 Rh8 28. Rb4 Bc6 29. Qb2 Qc7 30. Rb1 Rb8 31. Qc1 Kc8 32. Bxf5 Nxf5 33. gxh6 gxh6 34. Qg1 Kb7 35. Qh2 Rbg8 36. Nh4 Ng7 37. Nf3 Nf5 38. a4 Ka8 39. Nh4 Ng7 40. Ng2 Nxh5 41. Qxh5 Rxg2 42. Bg3 Rg8 43. Kf3 R8xg3+ 44. fxg3 Rxc2 45. Qxh6 Rxc3+ 46. Kg2 Qd8 47. a5 Qg8 48. Qh4 b5 49. a6 Ra3 50. Rh1 Rxa6 51. Rb2 Rb6 52. Qf6 Rb8 53. Ra2 Qg6 54. Rxa7+ Kxa7 55. Qe7+ Kb6 56. Qc5+ Kc7 57. Qd6+ Kb7 58. Qe7+ Kb6 1/2-1/2

[Event "65.Camp. Veneto Quarti di Finale"]
[Site "Arquà Petrarca ITA"]
[Date "2005.05.14"]
[Round "4.10"]
[White "Forato, Enrico"]
[Black "Mileto, Gabriele"]
[Result "1-0"]
[WhiteElo "1971"]
[BlackElo "2198"]
[Annotator "Gabriele Ballarin"]
[PlyCount "35"]
[EventDate "2005.05.07"]
[EventType "swiss"]
[EventRounds "6"]
[EventCountry "ITA"]

1. e4 e5 2. Nf3 Nc6 3. d4 exd4 4. Bc4 Nf6 5. O-O Bc5 6. e5 d5 7. exf6 dxc4 8. Re1+ Be6 9. Ng5 g6 10. Nxe6 fxe6 11. Rxe6+ Kf7 12. Re4 Qd7 13. Bh6 Rhe8 14. Nd2 c3 15. Nf3 Bd6 16. bxc3 dxc3 17. Ng5+ Kxf6 18. Nxh7+ 1-0

[Event "65.Camp. Veneto Quarti di Finale"]
[Site "Arquà Petrarca ITA"]
[Date "2005.05.14"]
[Round "4.11"]
[White "Zanirato, Stefano"]
[Black "Quaranta, Cristiano"]
[Result "0-1"]
[WhiteElo "1738"]
[BlackElo "2072"]
[Annotator "Gabriele Ballarin"]
[PlyCount "106"]
[EventDate "2005.05.07"]
[EventType "swiss"]
[EventRounds "6"]
[EventCountry "ITA"]

1. Nf3 Nf6 2. d3 d5 3. c3 c5 4. Qc2 Bf5 5. Ne5 Nc6 6. Nxc6 bxc6 7. Qa4 Qc7 8. Nd2 e5 9. Nf3 Bd6 10. Bg5 Rb8 11. Bxf6 gxf6 12. e4 Bd7 13. Qc2 Qb6 14. b3 d4 15. Nd2 Be6 16. Rc1 Kd7 17. Be2 Rhg8 18. Bf3 Bf8 19. h3 Bh6 20. Rb1 Qa5 21. cxd4 cxd4 22. Ke2 Qxd2+ 23. Qxd2 Bxd2 24. Kxd2 a5 25. Bg4 Bxg4 26. hxg4 Rxg4 27. Rxh7 Rxg2 28. Ke2 Ke6 29. Rc1 Rb6 30. Rc4 Rg8 31. Rh1 Ra8 32. Rhc1 Kd6 33. a3 Ra7 34. R1c2 Rxb3 35. Rxc6+ Ke7 36. a4 Rb4 37. R2c4 Rb2+ 38. Ke1 Ra2 39. Rb6 Ra1+ 40. Kd2 Ra2+ 41. Ke1 Kf8 42. Rb5 Kg7 43. f4 Ra8 44. Rbc5 Rh8 45. Rc2 Rh1+ 46. Kd2 Rh2+ 47. Kd1 Rhxc2 48. Rxc2 Rxc2 49. Kxc2 Kg6 50. fxe5 fxe5 51. Kb3 f5 52. exf5+ Kxf5 53. Kc4 Kf4 0-1

[Event "65.Camp. Veneto Quarti di Finale"]
[Site "Arquà Petrarca ITA"]
[Date "2005.05.14"]
[Round "4.12"]
[White "Guclu, Yaman"]
[Black "Battiston, Gianfranco"]
[Result "1-0"]
[WhiteElo "2023"]
[BlackElo "1664"]
[Annotator "Gabriele Ballarin"]
[PlyCount "85"]
[EventDate "2005.05.07"]
[EventType "swiss"]
[EventRounds "6"]
[EventCountry "ITA"]

1. d4 d5 2. c4 dxc4 3. Nf3 Nf6 4. Nc3 e6 5. e3 a6 6. Bxc4 b5 7. Bd3 Bb7 8. O-O Be7 9. a3 Nc6 10. e4 O-O 11. e5 Nd5 12. Ne4 f5 13. exf6 Nxf6 14. Bc2 Qd5 15. Re1 Nxe4 16. Bxe4 Qh5 17. Qc2 Rxf3 18. Bxc6 Rxf2 19. Qxf2 Bxc6 20. Qe2 Qxe2 21. Rxe2 Bd5 22. Be3 Rc8 23. Rc2 c6 24. b4 Bf6 25. Rac1 Kf7 26. Rd2 Kg8 27. Bf4 Rd8 28. Re1 Bc4 29. Be5 Bxe5 30. Rxe5 Rf8 31. Rf2 Rd8 32. Rf4 Kh8 33. Kf2 Kg8 34. Ke3 Ra8 35. Rc5 Bd5 36. Rf2 a5 37. Rcc2 a4 38. Kf4 Rf8+ 39. Ke5 Rd8 40. Rc5 Re8 41. g3 Rf8 42. Rxf8+ Kxf8 43. Rxd5 1-0

[Event "65.Camp. Veneto Quarti di Finale"]
[Site "Arquà Petrarca ITA"]
[Date "2005.05.14"]
[Round "4.13"]
[White "Pezzolato, Michele"]
[Black "Ferrari, Mario"]
[Result "1-0"]
[WhiteElo "1775"]
[BlackElo "1735"]
[Annotator "Gabriele Ballarin"]
[PlyCount "51"]
[EventDate "2005.05.07"]
[EventType "swiss"]
[EventRounds "6"]
[EventCountry "ITA"]

1. e4 e6 2. d4 d5 3. Nc3 Nf6 4. exd5 Nxd5 5. Bd3 Bb4 6. Bd2 Nc6 7. a3 Nxc3 8. bxc3 Bd6 9. f4 Qe7 10. a4 Bd7 11. Nf3 Qf6 12. O-O h6 13. Ne5 O-O-O 14. Be4 Bxe5 15. dxe5 Qe7 16. Be3 f5 17. exf6 gxf6 18. Qe2 Rhg8 19. Rab1 a6 20. Rxb7 Qd6 21. Qxa6 Be8 22. Rb6+ Kd7 23. Rxc6 Qa3 24. Rxc7+ Kxc7 25. Qb7+ Kd6 26. Rd1# 1-0

[Event "65.Camp. Veneto Quarti di Finale"]
[Site "Arquà Petrarca ITA"]
[Date "2005.05.14"]
[Round "4.14"]
[White "Sgaravatti, Francesco"]
[Black "De Zordi, Fabio"]
[Result "1-0"]
[WhiteElo "2141"]
[BlackElo "1733"]
[Annotator "Gabriele Ballarin"]
[PlyCount "51"]
[EventDate "2005.05.07"]
[EventType "swiss"]
[EventRounds "6"]
[EventCountry "ITA"]

1. e4 Nf6 2. e5 Nd5 3. d4 d6 4. Bc4 Nb6 5. Bb3 dxe5 6. Qh5 e6 7. dxe5 Nc6 8. Nf3 Be7 9. Qg4 Kf8 10. Nc3 Nd7 11. Bf4 a6 12. O-O-O Qe8 13. Ne4 h6 14. h4 Rb8 15. h5 b5 16. Rh3 f5 17. exf6 Nxf6 18. Nxf6 Bxf6 19. Bxc7 e5 20. Qg3 Bxh3 21. Qxh3 Rc8 22. Bd6+ Ne7 23. Nxe5 Bxe5 24. Bxe5 Qc6 25. Bd6 Rd8 26. Qf5+ 1-0

[Event "65.Camp. Veneto Quarti di Finale"]
[Site "Arquà Petrarca ITA"]
[Date "2005.05.14"]
[Round "4.15"]
[White "Zannol, Roberto"]
[Black "De Napoli, Giuseppe"]
[Result "1/2-1/2"]
[WhiteElo "1745"]
[BlackElo "2062"]
[Annotator "Gabriele Ballarin"]
[PlyCount "47"]
[EventDate "2005.05.07"]
[EventType "swiss"]
[EventRounds "6"]
[EventCountry "ITA"]

1. Nf3 Nf6 2. g3 g6 3. Bg2 Bg7 4. d3 O-O 5. O-O d6 6. Nbd2 e5 7. c3 Nbd7 8. Qc2 c6 9. Nc4 Qc7 10. a4 a5 11. e4 b6 12. b3 Ba6 13. Rd1 Bxc4 14. dxc4 Nc5 15. Ne1 Ne6 16. Ba3 Ne8 17. Qd2 Rd8 18. Qe3 Kh8 19. Nd3 f5 20. exf5 gxf5 21. f4 e4 22. Nf2 Nf6 23. Bh3 Ne8 24. Nxe4 {=} 1/2-1/2

[Event "65.Camp. Veneto Quarti di Finale"]
[Site "Arquà Petrarca ITA"]
[Date "2005.05.14"]
[Round "4.16"]
[White "Quaranta, Gaetano"]
[Black "Roberti, Ignazio"]
[Result "1-0"]
[WhiteElo "1589"]
[BlackElo "1954"]
[Annotator "Gabriele Ballarin"]
[PlyCount "129"]
[EventDate "2005.05.07"]
[EventType "swiss"]
[EventRounds "6"]
[EventCountry "ITA"]

1. e4 c5 2. d4 cxd4 3. c3 d5 4. exd5 Qxd5 5. cxd4 Nc6 6. Nf3 Bg4 7. Nc3 Qd6 8. Be3 Nf6 9. Be2 e6 10. O-O Be7 11. Qd2 O-O 12. Rfd1 Rac8 13. Bf4 Qd8 14. Rac1 Bb4 15. a3 Ne4 16. Qc2 Nxc3 17. bxc3 Be7 18. a4 Nb4 19. Qb2 Nd5 20. Bg3 f5 21. Be5 Bd6 22. Qxb7 Bxe5 23. dxe5 Qa5 24. c4 Rc7 25. Qb5 Qxb5 26. axb5 Rfc8 27. Rd4 Rc5 28. Ra1 Nb6 29. Rxa7 Bxf3 30. gxf3 Rxe5 31. Bf1 Rec5 32. Rd6 Nxc4 33. Rdd7 Ne5 34. Rxg7+ Kf8 35. Kg2 h5 36. b6 Rb8 37. Rh7 Kg8 38. Rag7+ Kf8 39. b7 Nc6 40. Rc7 Kg8 41. Rhd7 Ne5 42. Rxc5 Nxd7 43. Rc7 Nb6 44. Ba6 Kf8 45. Rc8+ Nxc8 46. bxc8=Q+ Rxc8 47. Bxc8 Ke7 48. f4 Kf6 49. Kg3 e5 50. fxe5+ Kxe5 51. Bb7 f4+ 52. Kh4 Kf6 53. Kxh5 Kf5 54. f3 Kf6 55. Kg4 Ke5 56. Kg5 Ke6 57. Kxf4 Kf6 58. h4 Kg6 59. Ke5 Kf7 60. Kf5 Kg7 61. Ke6 Kf8 62. f4 Kg8 63. f5 Kf8 64. Kf6 Kg8 65. Ke7 1-0

[Event "65.Camp. Veneto Quarti di Finale"]
[Site "Arquà Petrarca ITA"]
[Date "2005.05.14"]
[Round "4.17"]
[White "Lavric, Mihail"]
[Black "Bozzao, Francesco"]
[Result "1-0"]
[WhiteElo "2046"]
[BlackElo "1715"]
[Annotator "Gabriele Ballarin"]
[PlyCount "129"]
[EventDate "2005.05.07"]
[EventType "swiss"]
[EventRounds "6"]
[EventCountry "ITA"]

1. d4 Nf6 2. c4 g6 3. Nc3 Bg7 4. e4 d6 5. Nf3 O-O 6. Be2 a5 7. O-O Nbd7 8. Bg5 h6 9. Bh4 e5 10. d5 Nc5 11. Qc2 Qd7 12. Nd2 Ne8 13. h3 f5 14. exf5 Qxf5 15. Qd1 Bd7 16. Bg4 Qf7 17. Bxd7 Nxd7 18. Nde4 g5 19. Bg3 Nef6 20. Qb3 Nxe4 21. Nxe4 b6 22. Qb5 Qf5 23. f3 Nf6 24. Nxf6+ Qxf6 25. Rae1 Qg6 26. Re4 Rfc8 27. h4 Bf6 28. hxg5 hxg5 29. Qd7 Qe8 30. Qf5 Qf7 31. Rg4 Kf8 32. Qe4 Re8 33. Kf2 Ke7 34. f4 gxf4 35. Rxf4 Kd8 36. Rf3 Qg7 37. Kg1 Be7 38. Bh4 Bxh4 39. Qxh4+ Kc8 40. Rf7 Qg8 41. Qh3+ Kb7 42. Qd7 Rac8 43. Qxd6 e4 44. Qc6+ Ka6 45. Qb5+ Kb7 46. d6 Qg3 47. d7 Rg8 48. dxc8=Q+ Rxc8 49. Qd5+ Kb8 50. Qxe4 Qd6 51. Qf4 Qc5+ 52. Qf2 Qe5 53. Rf8 Rxf8 54. Qxf8+ Kb7 55. Qf3+ Ka7 56. b3 Qd4+ 57. Qf2 Qd6 58. c5 bxc5 59. Rc1 Kb6 60. g4 c6 61. g5 Kc7 62. Rxc5 Qd1+ 63. Kh2 Qh5+ 64. Kg3 Qg6 65. Qf3 1-0

[Event "65.Camp. Veneto Quarti di Finale"]
[Site "Arquà Petrarca ITA"]
[Date "2005.05.14"]
[Round "4.18"]
[White "Pomaro, Stefano"]
[Black "Rosina, Graziano"]
[Result "0-1"]
[WhiteElo "1756"]
[BlackElo "1476"]
[Annotator "Gabriele Ballarin"]
[PlyCount "62"]
[EventDate "2005.05.07"]
[EventType "swiss"]
[EventRounds "6"]
[EventCountry "ITA"]

1. e4 e5 2. Nf3 Nf6 3. Nc3 Nc6 4. Bb5 d6 5. d4 Bd7 6. O-O exd4 7. Nxd4 Nxd4 8. Bxd7+ Qxd7 9. Qxd4 Be7 10. b3 O-O 11. Bb2 c5 12. Qd3 a6 13. Rad1 Rad8 14. Nd5 Nxd5 15. exd5 Rfe8 16. Rfe1 Bf8 17. c4 Rxe1+ 18. Rxe1 Re8 19. Kf1 Rxe1+ 20. Kxe1 b5 21. cxb5 axb5 22. a3 Qe7+ 23. Qe2 Qg5 24. Qxb5 Qxd5 25. f3 Qf5 26. Qe2 d5 27. Qe5 Qb1+ 28. Kf2 Qc2+ 29. Ke1 Qxb3 30. h4 d4 31. h5 Qxb2 0-1

[Event "65.Camp. Veneto Quarti di Finale"]
[Site "Arquà Petrarca ITA"]
[Date "2005.05.14"]
[Round "4.19"]
[White "Chiesa, Roberto"]
[Black "Giuriato, Sergio"]
[Result "0-1"]
[WhiteElo "1685"]
[BlackElo "2002"]
[Annotator "Gabriele Ballarin"]
[PlyCount "80"]
[EventDate "2005.05.07"]
[EventType "swiss"]
[EventRounds "6"]
[EventCountry "ITA"]

1. f4 d5 2. Nf3 Nf6 3. e3 g6 4. d4 Bg7 5. Bd3 O-O 6. O-O b6 7. Nbd2 Bb7 8. Qe1 c5 9. c3 Ba6 10. Bxa6 Nxa6 11. Ne5 Nc7 12. Qh4 Nb5 13. Rf3 Nd6 14. g4 e6 15. Rh3 h5 16. gxh5 Nxh5 17. Qg4 Nf6 18. Qh4 Nf5 19. Qf2 Rc8 20. Ndf3 Ne4 21. Qg2 Bxe5 22. Nxe5 Kg7 23. Bd2 Rh8 24. Be1 Rxh3 25. Qxh3 Qe7 26. Ng4 Rh8 27. Qg2 Qe8 28. Qe2 Rh3 29. Qg2 Qh8 30. Bf2 Qh5 31. Re1 Nd2 32. Rd1 Nf3+ 33. Kh1 Nd6 34. Rf1 f5 35. Bg3 fxg4 36. f5 Nxf5 37. Be5+ Nxe5 38. dxe5 Ng3+ 39. Kg1 Nxf1 40. Qxf1 Qxe5 0-1

[Event "65.Camp. Veneto Quarti di Finale"]
[Site "Arquà Petrarca ITA"]
[Date "2005.05.14"]
[Round "4.20"]
[White "Nagliati, Paolo"]
[Black "Morganti, Lionello"]
[Result "1-0"]
[WhiteElo "1727"]
[BlackElo "1667"]
[Annotator "Gabriele Ballarin"]
[PlyCount "89"]
[EventDate "2005.05.07"]
[EventType "swiss"]
[EventRounds "6"]
[EventCountry "ITA"]

1. e4 g6 2. d4 Bg7 3. Nf3 d6 4. Be2 Nf6 5. Nc3 Nbd7 6. e5 dxe5 7. dxe5 Ng4 8. e6 fxe6 9. Ng5 Nxf2 10. Kxf2 O-O+ 11. Bf3 Nc5 12. Qxd8 Rxd8 13. Be3 Na6 14. Rhd1 Rf8 15. Kg1 c6 16. Bg4 Nc7 17. Rd3 h6 18. Nge4 Nd5 19. Rf1 Nxe3 20. Rxf8+ Kxf8 21. Rxe3 Bd4 22. Kf2 Kf7 23. Ke2 Bxe3 24. Kxe3 b6 25. Nb1 Bb7 26. Nbd2 c5 27. Nc4 Bxe4 28. Kxe4 Kf6 29. Bf3 Rd8 30. Ke3 Rd4 31. b3 Rd8 32. Na3 a5 33. Nc4 Rb8 34. a4 h5 35. Kd3 h4 36. h3 g5 37. Ke4 b5 38. axb5 Rxb5 39. Kd3 e5 40. Bc6 Rb8 41. Nxa5 Kf5 42. Ke3 Rb6 43. Be4+ Kf6 44. Nb7 c4 45. bxc4 1-0

[Event "65.Camp. Veneto Quarti di Finale"]
[Site "Arquà Petrarca ITA"]
[Date "2005.05.14"]
[Round "4.21"]
[White "Abazi, Rhui"]
[Black "Cedriano, Filippo"]
[Result "0-1"]
[WhiteElo "1706"]
[BlackElo "2043"]
[Annotator "Gabriele Ballarin"]
[PlyCount "66"]
[EventDate "2005.05.07"]
[EventType "swiss"]
[EventRounds "6"]
[EventCountry "ITA"]

1. e4 g6 2. d4 Bg7 3. Bc4 c5 4. d5 d6 5. Nf3 Nf6 6. Nc3 O-O 7. Bg5 h6 8. Be3 Bg4 9. Be2 Nbd7 10. Qd2 Kh7 11. h3 Bxf3 12. gxf3 a6 13. f4 b5 14. f3 Rc8 15. h4 b4 16. Nd1 a5 17. Bc4 Nb6 18. Qd3 a4 19. e5 dxe5 20. fxe5 Nfxd5 21. Qe4 Nxc4 22. Qxc4 Nxe3 23. Nxe3 Qd4 24. Qxd4 cxd4 25. Nd5 Rxc2 26. f4 Rxb2 27. Nxe7 Re8 28. Nc6 f6 29. Nxd4 fxe5 30. fxe5 Bxe5 31. Nf3 Bc3+ 32. Kf1 Ree2 33. Rh3 Rg2 0-1

[Event "65.Camp. Veneto Quarti di Finale"]
[Site "Arquà Petrarca ITA"]
[Date "2005.05.14"]
[Round "4.22"]
[White "Canazza, Alessandro"]
[Black "Colusso, Enrico"]
[Result "0-1"]
[WhiteElo "1733"]
[BlackElo "1727"]
[Annotator "Gabriele Ballarin"]
[PlyCount "72"]
[EventDate "2005.05.07"]
[EventType "swiss"]
[EventRounds "6"]
[EventCountry "ITA"]

1. d4 Nf6 2. c4 g6 3. Nc3 d5 4. Bf4 Bg7 5. e3 O-O 6. cxd5 Nxd5 7. Nxd5 Qxd5 8. Bxc7 b6 9. Be2 Qd7 10. Bf3 Nc6 11. Rc1 Bb7 12. Bg3 Rac8 13. Ne2 Nb4 14. Nc3 Bxf3 15. Qxf3 Nd3+ 16. Ke2 Nxc1+ 17. Rxc1 Rc6 18. Rd1 Rfc8 19. Kf1 e6 20. Kg1 Rc4 21. h4 b5 22. a3 a5 23. h5 b4 24. axb4 axb4 25. Ne4 Qd5 26. h6 f5 27. hxg7 Qxe4 28. Qxe4 fxe4 29. Be5 Rc1 30. Rxc1 Rxc1+ 31. Kh2 Rc2 32. Kg3 Rxb2 33. d5 Rc2 34. dxe6 Rc6 35. Kf4 Rxe6 36. Kxe4 Rxe5+ 0-1

[Event "65.Camp. Veneto Quarti di Finale"]
[Site "Arquà Petrarca ITA"]
[Date "2005.05.14"]
[Round "4.23"]
[White "Franco, Leopoldo"]
[Black "Mocellin, Gianfranco"]
[Result "0-1"]
[WhiteElo "1468"]
[BlackElo "1793"]
[Annotator "Gabriele Ballarin"]
[PlyCount "150"]
[EventDate "2005.05.07"]
[EventType "swiss"]
[EventRounds "6"]
[EventCountry "ITA"]

1. d4 d5 2. e3 Nf6 3. Nf3 Bf5 4. c4 dxc4 5. Bxc4 e6 6. O-O c6 7. Nc3 Bd6 8. Ne5 Qc7 9. f4 Nbd7 10. h3 Ne4 11. g4 Nxc3 12. bxc3 Be4 13. a4 Nb6 14. Bd3 Bxd3 15. Qxd3 O-O 16. Nc4 Nxc4 17. Qxc4 Rad8 18. e4 Be7 19. Ba3 Bxa3 20. Rxa3 g5 21. e5 Qe7 22. Rb3 gxf4 23. Rxf4 Qh4 24. Qd3 Rd7 25. Rb1 Rfd8 26. Qf3 c5 27. Kg2 b6 28. Rd1 Qe7 29. Qf2 Rd5 30. Rf1 R8d7 31. Rd1 cxd4 32. Rdxd4 Rxe5 33. Rxd7 Qxd7 34. Rd4 Qc6+ 35. Kf1 Qxc3 36. Kg2 Qc6+ 37. Kg3 Rd5 38. Rf4 Qd6 39. Kh4 Qe7+ 40. Kg3 Rd3+ 41. Rf3 Qa3 42. Rxd3 Qxd3+ 43. Kh4 Qd8+ 44. Kg3 Qg5 45. Qf3 h5 46. Qa8+ Kg7 47. Qxa7 h4+ 48. Kf3 Qa5 49. Qxa5 bxa5 50. g5 Kg6 51. Kg4 e5 52. Kxh4 Kf5 53. Kg3 Kxg5 54. h4+ Kh5 55. Kf3 Kxh4 56. Ke4 f6 57. Kd5 Kg4 58. Kc5 e4 59. Kb5 e3 60. Kxa5 e2 61. Kb6 e1=Q 62. a5 f5 63. a6 f4 64. a7 Qe3+ 65. Kb7 Qxa7+ 66. Kxa7 f3 67. Ka8 f2 68. Ka7 f1=Q 69. Ka8 Qb1 70. Ka7 Qb5 71. Ka8 Kf5 72. Ka7 Ke6 73. Ka8 Kd7 74. Ka7 Kc7 75. Ka8 Qb7# 0-1

[Event "65.Camp. Veneto Quarti di Finale"]
[Site "Arquà Petrarca ITA"]
[Date "2005.05.14"]
[Round "4.24"]
[White "Biserni, Federica"]
[Black "Zangrando, Gianpietro"]
[Result "0-1"]
[WhiteElo "1422"]
[BlackElo "1897"]
[Annotator "Gabriele Ballarin"]
[PlyCount "62"]
[EventDate "2005.05.07"]
[EventType "swiss"]
[EventRounds "6"]
[EventCountry "ITA"]

1. e4 e6 2. d4 d5 3. Nd2 b6 4. exd5 Qxd5 5. Qf3 Nf6 6. Bc4 Qxf3 7. Ngxf3 Bb7 8. Ne5 Bxg2 9. Rg1 Bb7 10. Ndf3 h6 11. h4 a6 12. Bf4 Nbd7 13. Nxd7 Nxd7 14. Ne5 Nxe5 15. Bxe5 O-O-O 16. O-O-O Rg8 17. Rg3 g6 18. Kb1 Be7 19. Rh3 h5 20. f4 b5 21. Bb3 Bd5 22. Rc3 Rd7 23. Bxd5 exd5 24. Re1 Bxh4 25. Rh1 Bd8 26. Ra3 Kb7 27. f5 h4 28. f6 g5 29. Rhh3 Rg6 30. Raf3 g4 31. Rxh4 gxf3 0-1

[Event "65.Camp. Veneto Quarti di Finale"]
[Site "Arquà Petrarca ITA"]
[Date "2005.05.14"]
[Round "4.25"]
[White "De Nardi, Riccardo"]
[Black "De Vries, Bernhard"]
[Result "1/2-1/2"]
[WhiteElo "1660"]
[BlackElo "1592"]
[Annotator "Gabriele Ballarin"]
[PlyCount "53"]
[EventDate "2005.05.07"]
[EventType "swiss"]
[EventRounds "6"]
[EventCountry "ITA"]

1. e4 c5 2. Nf3 d6 3. d4 cxd4 4. Nxd4 Nf6 5. Nc3 Nbd7 6. Be3 a6 7. Be2 Qc7 8. f4 e6 9. Bf3 Be7 10. O-O Rb8 11. g4 h5 12. Qe1 b5 13. e5 Nd5 14. Bxd5 exd5 15. Nxd5 Qb7 16. Nxe7 Kxe7 17. Nf5+ Kf8 18. Nxd6 Qc6 19. Nxc8 Rxc8 20. Qb4+ Kg8 21. Qa3 Kh7 22. Qd3+ g6 23. c3 Rhd8 24. Qe2 Re8 25. Qf3 Qe6 26. Bd4 Rg8 27. Rfe1 {Nur} 1/2-1/2

[Event "65.Camp. Veneto Quarti di Finale"]
[Site "Arquà Petrarca ITA"]
[Date "2005.05.14"]
[Round "4.26"]
[White "Fabrello, Alessandro"]
[Black "Valerio, Gianluca"]
[Result "1/2-1/2"]
[WhiteElo "1500"]
[BlackElo "1718"]
[Annotator "Gabriele Ballarin"]
[PlyCount "110"]
[EventDate "2005.05.07"]
[EventType "swiss"]
[EventRounds "6"]
[EventCountry "ITA"]

1. e4 g6 2. d4 Bg7 3. Nc3 d6 4. f4 Nd7 5. Nf3 e6 6. Bd3 Ne7 7. O-O O-O 8. Be3 f5 9. e5 b6 10. Bc4 d5 11. Bb3 Ba6 12. Rf2 c5 13. Ng5 c4 14. Ba4 b5 15. Bxb5 Bxb5 16. Nxb5 Qb6 17. Nd6 Nc8 18. Nxe6 Nxd6 19. exd6 Rfe8 20. Nc7 Qxd6 21. Nxe8 Rxe8 22. Bc1 Nf6 23. Re2 Ne4 24. c3 a5 25. Bd2 Re7 26. b3 cxb3 27. axb3 Qb6 28. Rb1 Rc7 29. Rxe4 fxe4 30. Qe1 Re7 31. Be3 Rc7 32. b4 a4 33. Ra1 Qb5 34. Ra3 Ra7 35. Qf1 Qb6 36. f5 Qf6 37. fxg6 Qxf1+ 38. Kxf1 hxg6 39. Ke2 Kf7 40. Bg5 Ra8 41. Ke3 Ke6 42. g4 Bf8 43. h4 Bd6 44. Bf4 Bxf4+ 45. Kxf4 Rf8+ 46. Ke3 Ra8 47. b5 Kd6 48. c4 dxc4 49. Kxe4 Ra5 50. h5 gxh5 51. gxh5 Rxb5 52. Rxa4 Rxh5 53. Rxc4 Rh4+ 54. Ke3 Rh3+ 55. Kd2 Kd5 1/2-1/2